[Event "Medellin de La Raza U2000 op"]
[Site "Medellin"]
[Date "2023.10.14"]
[Round "5"]
[White "Gomez, Nicolas de Jesus"]
[Black "Giraldo, Marco"]
[Result "0-1"]
[WhiteElo "1606"]
[BlackElo "1741"]
[PlyCount "54"]
[EventDate "2023.10.12"]
[EventType "swiss"]
[EventRounds "9"]
[EventCountry "COL"]
[SourceTitle "Mega2024 Update 01"]
[Source "Chessbase"]
[SourceDate "2023.11.12"]
[SourceVersion "1"]
[SourceVersionDate "2023.11.12"]
[SourceQuality "1"]

1. e4 e5 2. Nf3 Nf6 3. Nxe5 d6 4. Nf3 Nxe4 5. d3 Nf6 6. d4 d5 7. Bg5 Be7 8. Bd3 0-0 9. 0-0 h6 10. Be3 Nbd7 11. Ne5 Nxe5 12. dxe5 Ng4 13. Re1 Nxe5 14. Qh5 Nxd3 15. cxd3 Bf6 16. d4 c5 17. Nd2 cxd4 18. Bxh6 gxh6 19. Qxh6 Bg5 20. Qh5 Bxd2 21. Re5 Qf6 22. Rd1 Bf4 23. Rxd5 Be6 24. Rb5 a6 25. Ra5 Rac8 26. Ra3 Qg6 27. Qh4 Qg4 0-1